Composition.. chocolatée - Mort Subite - Statistiques

Statistiques générales
  • Ce quiz a été pris 341 fois
    285 depuis la dernière actualisation
  • Le résultat moyen est 13 sur 35
Answers on the Grid
Answers color-coded by a green-red scale on the quiz's grid according to % correct below.
Smarties
Maltesers
Galak
Nutella
Lindt
Côte d'Or
Kinder
Petit Écolier
Marbré
Léonidas
Valrhona
Cacolac
Toblerone
M&M'S
Tiramisu (C. Lignac)
Benco
Milka
Balisto
Ferrero
Patouillard
Mars
Twix
Bounty
Mon Chéri
Jeff de Bruges
Nestlé
Ivoria
Crunch
Granola
Mikado
Délichoc
CandyUp
Oréo
Canfields
Trésor Céréales
Cacaho
Sneakers
La Choquoise
Saint-Genix
Choclo
Chocalho
Choc-a-pique
Spéculoos
Pepsi Cacao
Coca-Cola
Lartiste & Awa Imani
Kahlua
Dragibus
 
Statistiques - réponses
Réponse % Correct
M&M'S
55%
Kinder
52%
Milka
51%
Bounty
50%
Ferrero
50%
Lindt
50%
Nutella
48%
Délichoc
47%
Granola
47%
Petit Écolier
46%
Mikado
45%
Twix
45%
Mon Chéri
43%
Oréo
43%
Smarties
43%
Côte d'Or
42%
Maltesers
42%
Toblerone
42%
Crunch
41%
Mars
41%
Jeff de Bruges
40%
Marbré
39%
Nestlé
38%
Balisto
35%
Trésor Céréales
32%
Cacolac
30%
Léonidas
29%
Galak
21%
Benco
20%
CandyUp
20%
Tiramisu (C. Lignac)
14%
Valrhona
12%
Ivoria
5%
Canfields
1%
Patouillard
1%
Aucun quiz correspondant
Distribution des résultats
% des personnes avec chaque résultat
Percentile par nombre de réponses
Votre historique - résultats
Vous n’avez pas pris ce quiz depuis la dernière actualisation